Complete a Letra de Evidências - Chitãozinho e Xororó - Statistics

Estatísticas Gerais
  • Esse quiz foi jogado 652 vezes
  • A pontuação média é 34 de 38
Estatísticas das Respostas
Letra % Correto
De dizer que não te {quero}
99%
É porque eu te {quero}
99%
Eu te {quero} mais que tudo
99%
De te dar meu {coração}
97%
Se eu não posso enganar meu {coração}
97%
É porque eu {te} {amo}
96%
Eu sei que {te} {amo}!
96%
Disfarçando as {evidências}
95%
{Chega} de mentiras
94%
Diz que é {verdade}, que tem saudade
94%
Diz que é {verdade}, que tem saudade
94%
E tenho {medo} de pensar em te perder
94%
Eu entrego a minha {vida}
94%
Eu tenho {medo}
94%
Mas a {verdade}
94%
De negar o meu {desejo}
93%
E confessar que eu {estou} em tuas mãos
93%
Eu preciso do seu {beijo}
93%
Pra você {fazer} o que quiser de mim
93%
Quando eu {digo}
93%
Quando eu {digo}
93%
E nessa {loucura}
92%
Que não quero {mais} você
92%
Mas pra que {viver} fingindo
91%
Só quero ouvir você dizer que {sim!}
91%
Que {deixei} de te amar
90%
Se eu te {perder} um dia
90%
Vou {negando} as aparências
90%
É que eu sou {louco} por você
89%
Que ainda você {pensa} muito em mim
87%
Mas não {posso} imaginar o que vai ser de mim
85%
Mas {depois} eu nego
84%
Faço tipo, falo {coisas} que eu não sou
83%
Eu preciso {aceitar} que não dá mais
80%
Pra {separar} as nossas vidas
79%
Que ainda você quer viver {pra} {mim}
77%
Mas depois me {entrego}
76%
Eu me {afasto} e me defendo de você
75%
Nenhum quiz correspondente encontrado
Distribuição das Pontuações
Porcentagem de Pessoas com Cada Pontuação
Percentil de Números Respondidos
Sua Pontuação Histórica
Você não jogou esse quiz